000 00620nam a2200229Ia 4500
003 OSt
005 20220923230616.0
006 a|||||r|||| 00| 0
007 ta
008 Pun
024 _a283,791
037 _cTextual
040 _aARTS
_cARTS
_bPun
041 _2Pun
_aPun
082 _aO153,3(Y:351)x, M5
100 _aਸਿੰਘ, ਅਮਰੀਕ, ਥਦ.
245 0 _aਜੰਦਰੇ ਵਾਲਾ ਸਿਰ
260 _c1985
650 _aਪੰਜਾਬੀ ਸਾਹਿਤ
942 _hO153,3(Y:351)x, M5
_cTEXL
_2CC
999 _c386007
_d386007